=LDR 00000nam 2200000 4500 =001 NUTBA000000000003838 =005 20140827141907.0 =006 =007 =008 =020 ##$$a 978-979-053-020-1 =035 ##$$a 0010-081400000000683 =040 ##$$a NBPDMAT =082 ##$$a 614.4 =084 ##$$a 614.4 Puj b =100 ##$$a T.Puji Rahayu =245 ##$$a Bebas Dari Penyakit / $c T.Puji Rahayu =250 ##$$a Cet. 1 =260 ##$$a Jakarta : $b PAmularsih, $c 2008 =300 ##$$a iv, 60 hlm. : $b ilus. ; $c 21 cm. =500 ##$$a Bibliografi : hlm. 60 =650 ##$$a Pencegahan Penyakit =990 ##$$a 21408582 =990 ##$$a 0001/BPAP-NTB/20142014 =990 ##$$a 0001/BPAP-NTB/20142014 =990 ##$$a 0001/BPAP-NTB/20142014 =990 ##$$a 0001/BPAP-NTB/20142014 =990 ##$$a 0001/BPAP-NTB/20142014